|
|
|
|
| LEADER |
00000nam0a2200000 4500 |
| 001 |
254359 |
| 005 |
20231101232928.0 |
| 010 |
|
|
|a 5256002309
|
| 020 |
|
|
|a RU
|b 89-53027
|
| 035 |
|
|
|a (RuTPU)RU\TPU\book\276809
|
| 090 |
|
|
|a 254359
|
| 100 |
|
|
|a 20140320d1989 km y0rusy5003 ca
|
| 101 |
0 |
|
|a rus
|
| 102 |
|
|
|a RU
|
| 105 |
|
|
|a a z 001zy
|
| 200 |
1 |
|
|a Предвестники отказов в изделиях электронной техники
|f Л. Г. Дубицкий
|
| 210 |
|
|
|a Москва
|c Радио и связь
|d 1989
|
| 215 |
|
|
|a 96,[1] с.
|c ил.
|
| 225 |
1 |
|
|a Массовая б-ка инженера "Электроника"
|
| 320 |
|
|
|a Библиогр.: с. 93-97 (116 назв.).
|
| 606 |
1 |
|
|a Радиоаппаратура
|x Надежность
|2 stltpush
|3 (RuTPU)RU\TPU\subj\22466
|9 47217
|
| 610 |
1 |
|
|a радиоэлектронная аппаратура
|
| 610 |
1 |
|
|a отказы
|
| 610 |
1 |
|
|a деградация
|
| 610 |
1 |
|
|a разрушение
|
| 610 |
1 |
|
|a предвестники
|
| 610 |
1 |
|
|a динамическое управление
|
| 675 |
|
|
|a 621.396.6.019.3
|z rus
|
| 700 |
|
1 |
|a Дубицкий
|b Л. Г.
|g Лев Григорьевич
|
| 801 |
|
0 |
|a RU
|b RuMRKP
|c 19950417
|g psbo
|
| 801 |
|
1 |
|a RU
|b 63413507
|c 20140320
|
| 801 |
|
2 |
|a RU
|b 63413507
|c 20140623
|g RCR
|
| 942 |
|
|
|c BK
|